000 00833nam a2200229 a 4500
001 5091
003 Mx-PuUPA
005 20250919080628.0
008 140415s2013 mx a gr 000 0 spa d
020 _a9786070249228
040 _cMx-PuUPA
041 0 _aspa
082 _a344.0172
_bCUE
100 1 _aCueva, Mario de la,
_d1901-1981
_94010
245 1 3 _aTemas introductorios al estudio de relaciones internacionales /
_cIleana Cid Capetillo, coordinadora
250 _aPrimera edición /
_bnoviembre
264 1 _aMéxico, D.F. :
_bFacultad de Ciencias Políticas y Sociales, UNAM,
_c2013
300 _a195 páginas :
_bilustraciones ;
_c23 cm
700 1 _aCid Capetillo, Ileana,
_ecoordinadora
_915486
942 _2ddc
_cLI
_hxx
_ixx
999 _c5091
_d5091